Statistiken für Alle 50 US-Staaten gezeichnet

Klicken Sie hier um das Quiz zu spielen!

Allgemein

  • Dieses Quiz wurde 649 mal gespielt
  • Das Durchschnittsergebnis liegt bei 22 aus 50

Antworten auf der Karte

Die Antworten werden auf der Karte rot bzw. grün angezeigt, abhängig davon wie oft sie richtig erraten wurden.
 

Antwortstatistiken

% Korrekt
Hawaii
61%
Oklahoma
54%
Texas
54%
Florida
53%
Nevada
52%
Alaska
51%
Tennessee
51%
Kalifornien
50%
Michigan
50%
Idaho
49%
Louisiana
49%
Maryland
49%
New York
49%
Virginia
49%
Colorado
48%
Illinois
48%
Maine
47%
New Hampshire
47%
New Jersey
47%
Kentucky
46%
Utah
46%
Alabama
45%
Massachusetts
45%
Minnesota
45%
North Carolina
45%
South Carolina
44%
Washington
44%
West Virginia
44%
Wyoming
44%
Mississippi
43%
Rhode Island
43%
Vermont
43%
Montana
42%
Ohio
42%
Wisconsin
42%
Indiana
41%
Missouri
41%
Nebraska
41%
Delaware
40%
Iowa
40%
New Mexico
40%
Kansas
39%
Oregon
39%
North Dakota
38%
Arizona
37%
Arkansas
37%
Georgia
37%
South Dakota
37%
Pennsylvania
35%
Connecticut
33%

Verteilung der Resultate

Perzentil nach korrekt beantworteten Fragen

Anzahl Personen mit jedem Resultat

Ihre Resultats-Entwicklung

Sie haben dieses Quiz noch nicht gespielt